Delta13C values of grasses as a novel indicator of pollution by fossil-fuel-derived greenhouse gas CO2 in urban areas /
Guardado en:
| Autor principal: | |
|---|---|
| Otros Autores: | , |
| Formato: | Artículo |
| Lenguaje: | English |
| Materias: | |
| Etiquetas: |
Agregar Etiqueta
Sin Etiquetas, Sea el primero en etiquetar este registro!
|
| Thư viện lưu trữ: | Thư viện Trường Đại học Đà Lạt |
|---|
| LEADER | 01038nam a2200325 4500 | ||
|---|---|---|---|
| 001 | DLU090093430 | ||
| 005 | ##20091201 | ||
| 040 | # | # | |a DLU |b eng |
| 041 | # | # | |a eng |
| 044 | # | # | |a us |
| 100 | # | # | |a Lichtfouse, Eric. |
| 245 | # | # | |a Delta13C values of grasses as a novel indicator of pollution by fossil-fuel-derived greenhouse gas CO2 in urban areas / |c Eric Lichtfouse, Michel Lichtfouse, Anne Jaffrezic. |
| 653 | # | # | |a Air pollution |
| 653 | # | # | |a Biological indicator |
| 653 | # | # | |a Carbon dioxide |
| 653 | # | # | |a Fossil fuel |
| 653 | # | # | |a Greenhouse gas |
| 653 | # | # | |a Isotopic composition |
| 700 | # | # | |a Jaffrezic, Anne. |
| 700 | # | # | |a Lichtfouse, Michel. |
| 773 | # | # | |t Environmental Science & Technology |g Vol. 37, no. 1 (January 2003), p. 87-89 |
| 920 | # | # | |a Phòng Tạp chí -- Trung tâm Thông tin - Thư viện Trường Đại học Đà Lạt |
| 994 | # | # | |a DLU |
| 900 | # | # | |a True |
| 911 | # | # | |a Trương Bảo Trâm Anh |
| 925 | # | # | |a G |
| 926 | # | # | |a A |
| 927 | # | # | |a BB |
| 980 | # | # | |a Thư viện Trường Đại học Đà Lạt |